000 00975aab a2200193 i 4500
001 768714001
003 CO-MdFUSB
005 20221115152441.0
008 221111s2004 sp ||||| |||| 00| 0 spa d
040 _bspa
_cCO-MdFUSB
_dCO-MdFUSB
041 _aspa
100 1 _aWénin, André
_eautor
245 1 3 _aLa serpiente y la mujer, o el proceso del mal según Génesis 2-3
_c/ André Wénin
300 _aNúmero 304, (2004), Páginas 47-55
_c; 21 cm
520 _aEntre las literaturas conocidas del antiguo Oriente próximo, la Biblia resulta singular sin duda por su ausencia de mito en el sentido propio del término. Se trata mas bien de que la fe monoteísta que, a lo largo del exilio y sobre todo después, presidió la reacción de la mayor parte de los textos y de los libros no tenía apenas afinidad con este tipo de género literario.
630 0 7 _aBiblia.
773 0 _tConcilium
_049402
_960411
_gNúmero 304, (2004), Páginas 47-55
_qPáginas 47
942 _cANA
999 _c49885
_d49885